000 01019nam a2200277 i 4500
001 178856
003 ES-MaACL
005 20230911120319.0
008 110719s2009 sp deo |||| | spa d
020 _a978-84-96800-30-4
080 _a39(460.288 Hellín)(091)
100 1 _aCarmona Zubiri, Daniel.
_935354
245 1 0 _aEstudio etnográfico-arqueológico de las yeseras de Hellín /
_cDaniel Carmona Zubiri.
260 _aAlbacete :
_bInstituto de Estudios Albacetenses "Don Juan Manuel",
_c2009.
300 _a104 p. :
_bgráf., planos, fot. ;
_c23 cm.
490 1 _aSerie IV - Cuadernos albacetenses ;
_v11
500 _aÍndices.
504 _aBibliografía: p.82-88.
650 4 _aMinas de yeso.
_9147393
650 4 _aMinería-
_zHellín.
_9138575
710 2 _aInstituto de Estudios Albacetenses.
_94884
830 0 _aSerie IV - Cuadernos albacetenses ;
_v11
_9189643
852 _aES-MaACL
_9185721
_bR.145795
_jA-11365
_dOlim: N-4369
_cDEPO1
942 _2udc
_cMONOGRAFIA
999 _c178856
_d178856